LEADER 01078nam0-22003491i-450 001 990001792920403321 005 20190719123831.0 010 $a88-7076-159-2 035 $a000179292 035 $aFED01000179292 035 $a(Aleph)000179292FED01 035 $a000179292 100 $a20030910d1994----km-y0itay50------ba 101 1 $aita 200 1 $aAlimenti$emicrobiologia e igiene$eintossicazioni alimentari, conservazione, vino, carne, formaggi, salumi, igiene della produzione, legislazione$fJohannes Krämer$gin collaborazione con Carlo Cantoni 205 $a2. ed 210 $aMilano$cOEMF$d1994 215 $aXI, 398 p.$d24 cm 610 0 $aAlimenti$aControllo 676 $a664.07 700 1$aKrämer,$bJohannes$075877 702 1$aCantoni,$bCarlo$f<1936- > 801 0$aIT$bUNINA$gRICA$2UNIMARC 901 $aBK 912 $a990001792920403321 952 $a60 664.07 KRAJ 1994$b5499$fFAGBC 952 $aX B 25-1$b1055$fFMVBC 952 $aX B 25-2$b1084$fFMVBC 959 $aFAGBC 959 $aFMVBC 996 $aAlimenti$976409 997 $aUNINA LEADER 01103nam 2200385 450 001 9910138264403321 005 20221014120730.0 010 $a953-51-4503-7 035 $a(CKB)3230000000075468 035 $a(NjHacI)993230000000075468 035 $a(EXLCZ)993230000000075468 100 $a20221014d2011 uy 0 101 0 $aeng 135 $aur||||||||||| 181 $ctxt$2rdacontent 182 $cc$2rdamedia 183 $acr$2rdacarrier 200 00$aAdvances in Sound Localization /$fedited by Pawel Strumillo 210 1$aCroatia :$cIntechOpen,$d2011. 215 $a1 online resource (606 pages) $cillustrations 311 $a953-307-224-5 606 $aAcoustic localization 606 $aAuditory perception 606 $aDirectional hearing 615 0$aAcoustic localization. 615 0$aAuditory perception. 615 0$aDirectional hearing. 676 $a612.85 702 $aStrumillo$b Pawel 801 0$bNjHacI 801 1$bNjHacl 906 $aBOOK 912 $a9910138264403321 996 $aAdvances in Sound Localization$92191658 997 $aUNINA LEADER 01330nam a2200361 i 4500 001 991001007739707536 008 101229s2007 it a 101 0 ita d 020 $a8888479198 020 $a9788888479194 035 $ab13945786-39ule_inst 040 $aDip.to Matematica$beng 082 0 $a510 084 $aAMS 00B10 084 $aAMS 00A05 245 00$aConferenze e Seminari 2006-2007 /$cvolume redatto a cura di L. Giacardi, M. Mosca, O. Robutti 260 $aTorino :$bKWB,$cc2007 300 $a397 p. :$bill. ;$c24 cm 440 0$aConferenze e Seminari 500 $aAt head of title: Associazione Subalpina Mathesis ; Seminario di Storia delle matematiche "Tullio Viola" 650 0$aConference proceedings 650 0$aCollections of papers 650 0$aGeneral mathematics 700 1 $aGiacardi, Livia 700 1 $aMosca, Miranda 700 1 $aRobutti, O. 710 2 $aAssociazione Subalpina Mathesis 711 2 $aSeminario di Storia delle Matematiche "Tullio Viola" 907 $a.b13945786$b17-06-14$c29-12-10 912 $a991001007739707536 945 $aLE013 00B MAT18 (2007)$g1$i2013000213712$lle013$og$pE30.00$q-$rl$s- $t0$u0$v0$w0$x0$y.i15217164$z30-12-10 996 $aConferenze e Seminari 2006-2007$9251516 997 $aUNISALENTO 998 $ale013$b29-12-10$cm$da $e-$fita$git $h0$i0